000 01634nam a2200445 i 4500
001 ELB41333
003 FlNmELB
006 m o d |
007 cr cnu||||||||
008 160105s2015 pe ob 000 0 spa d
020 _z9786124191107
020 _a9786124191558 (e book)
035 _a(MiAaPQ)EBC4184893
035 _a(Au-PeEL)EBL4184893
035 _a(CaPaEBR)ebr11127130
035 _a(OCoLC)1105907820
040 _aFINmELB
_bspa
_erda
_cFINmELB
050 4 _aQA43
_bC9759 2015
080 _a51(07)
082 0 _a510.76
_223
100 1 _aCuro, Agustín.
245 1 0 _aMatemática básica para administradores /
_cAgustín Curo, Mihály Martínez.
250 _a2a. edición.
264 1 _aLima :
_bUniversidad Peruana de Ciencias Aplicadas (UPC),
_c2015.
300 _a1 recurso en línea (287, 3 páginas)
336 _atexto
_btxt
_2rdacontent/spa
337 _acomputadora
_bc
_2rdamedia/spa
338 _arecurso en línea
_bcr
_2rdacarrier/spa
504 _aContiene bibliografía.
588 _aDescripción basada en recurso en línea; Título de la página del título en PDF (e-libro, visto Januar 5, 2015).
590 _aRecurso electronico. Santa Fe, Arg. : e-libro, 2016. Disponible via World Wide Web. El acceso puede ser limitado para las bibliotecas afiliadas a e-libro.
650 0 _aMathematics
_vProblems, exercises, etc.
650 0 _aManagement.
650 4 _aMatemática.
650 4 _aEnseñanza.
655 4 _aLibros electrónicos.
700 1 _aMartínez, Mihály,
_eautor.
797 2 _ae-libro, Corp.
856 4 0 _uhttps://elibro.net/ereader/usam/41333
999 _c142167
_d142167